000 01321nam a2200349 i 4500
001 13162
003 KOSZ 005
005 20211014130838.0
008 080804s1964 pl a f 001 0 pol
015 _aPB 1964/3386
040 _aWA N
_cWA N
_dKOSZ 005/RW
_dKOSZ 005/HR
041 1 _apol
_hger
046 _k1964
080 _a621.3
100 1 _aReinboth, Hermann.
_eAutor
245 1 0 _aTechnologia i zastosowanie materiałów magnetycznych /
_cH. Reinboth ; tł. M. Żbikowski.
246 1 _iTyt. oryg.:
_aTechnologie und Anwendung magnetischer Werkstoffe.
260 _aWarszawa :
_bWydawnictwa Naukowo-Techniczne,
_c1964.
300 _a429, [1] s. :
_bil. ;
_c23 cm.
380 _aKsiążki
388 _a1901-2000
388 _a1945-1989
504 _aBibliogr. s. 403-[422]. Indeks.
521 8 _aDla inżynierów, techników, studentów wydziałów elektrycznych i łączności politechnik i uczniów szkół technicznych.
650 4 _aMateriały magnetyczne
650 4 _aTechnologia
658 _aInżynieria i technika
700 1 _aŻbikowski, Mieczysław
_eTłumaczenie
710 2 _aWydawnictwa Naukowo-Techniczne
_4pbl.
856 _uhttp://koha.tu.koszalin.pl/cgi-bin/koha/opac-detail.pl?biblionumber=13162
_yKatalog online BPK
942 _2UKD
_cKS
999 _c13162
_d13162